Регионална библиотека "Любен Каравелов" - Русе

Половият живот на жената (Запис номер 412846)

MARC детайли
000 -Лидер
Контролно поле с фиксирана дължина nam a22 a 4500
003 - Код на организацията, давaща контролен номер
Контролно поле BLK
005 - Дата и час на последна редакция
Контролно поле 20210507113245.0
008 - Елементи от данни с фиксирана дължина
fixed length control field 210426b bu |||||r|||| 00| | bu d
040 ## - Източник на каталожния запис
Идентификатор на билиотеката - собственик на записа BLK
041 ## - Код за език
Код за езика на текст/звукозапис или на отделно заглавие Български
Код за езика КДБФ Български
080 ## - УДК
Текстов определител УДК Полово възпитание. Хигиена на половия живот - Полови излишества, проституция, полово въздържание
УДК код - определител по УДК 613.88
УДК определител -055.2
УДК - код + определител 613.88-055.2
100 ## - Редна дума - Автор
R(LIN) 1299
Автор Фишер-Дюкелман, Ана
Авторска отговорност първи автор
139 ## - Редно поле
Редна дума Фишер-Дюкелман, Ана
245 ## - Сведения за заглавието
Заглавие Половият живот на жената
Подзаглавни данни Физиол.-соц. студия с мед. наставления
Редно поле (дума) Ана Фишер-Дюкелман ; Прев. от нем. Найман Таксиер
260 ## - Област на издателските данни
9 (RLIN) 209525
Място на издаване, разпространение и проч. София
Име на издателя, разпространителя и проч. Знание
Година на издаване 1912
Печатница София : [Ден]
300 ## - Физическа характеристика
Страници 121 с.
Размери/Мащаб 20 см
380 ## - Жанр
Жанр Медицина
650 #0 - Допълнително описание по предмет – тема
9 (RLIN) 266990
Основно описание – тема или топоним Полов живот - жени
700 ## - Други автори (авторска отговорност)
9 (RLIN) 1091
Лично име Таксиер, Найман
Автороска отговорност (Описва отношението между автора и произведението) прев. от нем.
852 ## - Местоположение
Форматна сигнатура Цб 6.205.9703
Фондова буква Основен фонд - ползва се само за читалня
999 ## - СИСТЕМНИ КОНТРОЛНИ НОМЕРА
Koha biblionumber 412846
Koha biblioitemnumber 412846
942 ## - АРТИКУЛИ
Вид на библиотечния материал Книги
Скрит в OPAC Не
Периодичен библиозапис Да
944 ## - СЪЗДАВАНЕ И РЕДАКЦИЯ на ЗАПИСА
Създаване/Редакция Създаване
Дата на регистрацията/редакция 2021-05-07
Служител, извършил регистрацията/редакцията К.Д.
Наличности
Код за отписване Код за изгубен артикул Източник на класификационната схема Код за повреда Коз за рестрикции Код за отдаване Артикулен № Име на библиотеката - собственик Име на библиотеката, в която се намира в момента Статус (Текущо местоположение) Дата на вписване в системата Местоположение - отдел Цена в лева Инвентарен номер Систематично азбучна сигнатура Баркод Цена в евро Служебен тип на артикула
  Не е изгубен Universal Decimal Classification Не е повреден само за читалня ползва се в читалня 829433 Регионална библиотека "Любен Каравелов" Русе Регионална библиотека "Любен Каравелов" Русе Хранилище 2021-05-13 Основен фонд - ползва се само за читалня 0.10 9703 Цб 6.205.9703 900000058475 0.05 Книги
Vip Innovations Ltd, Rousse, Bulgaria 2025